000
00232nam a2200097Ia 4500
005
20251222175820.0
008
251222s9999||||xx |||||||||||||| ||spa||
082
_a
DVD0070/S47/1999
245
0
_a
Ni uno menos:Not one less
942
_c
DVD
999
_c
40447
_d
40447